Guinea- Bissau : Selected Issues Paper.

This paper explains the cashew economy and the unfolding of the 2017 campaign. At least half of all households are thought to be engaged in production, commercialization, or exportation of cashew nuts. The activity has at least four macroeconomic impacts: one, it injects liquidity to producers; two,...

Cijeli opis

Bibliografski detalji
Autor kompanije: International Monetary Fund. African Dept
Format: Žurnal
Jezik:English
Izdano: Washington, D.C. : International Monetary Fund, 2017.
Serija:IMF Staff Country Reports; Country Report ; No. 2017/381
Online pristup:Full text available on IMF
LEADER 02149cas a2200241 a 4500
001 AALejournalIMF018136
008 230101c9999 xx r poo 0 0eng d
020 |c 5.00 USD 
020 |z 9781484333198 
022 |a 1934-7685 
040 |a BD-DhAAL  |c BD-DhAAL 
110 2 |a International Monetary Fund.  |b African Dept. 
245 1 0 |a Guinea- Bissau :   |b Selected Issues Paper. 
264 1 |a Washington, D.C. :  |b International Monetary Fund,  |c 2017. 
300 |a 1 online resource (57 pages) 
490 1 |a IMF Staff Country Reports 
500 |a <strong>Off-Campus Access:</strong> No User ID or Password Required 
500 |a <strong>On-Campus Access:</strong> No User ID or Password Required 
506 |a Electronic access restricted to authorized BRAC University faculty, staff and students 
520 3 |a This paper explains the cashew economy and the unfolding of the 2017 campaign. At least half of all households are thought to be engaged in production, commercialization, or exportation of cashew nuts. The activity has at least four macroeconomic impacts: one, it injects liquidity to producers; two, owing to producers' high propensity to consume, it impacts the price level; third, it is the main provider of foreign exchange via exports; and fourth, it is an important source of fiscal revenues. Despite streamlining of marketing arrangements over the years, cashew production is still subject to significant government intervention. Vested interests have traditionally permeated public policies, with nontransparent issuance of licenses and permits used in some instances to block competition. Cashew production started to expand during the 1980s and yearly output has over the years increased to currently about 200,000 tons. Native of north Brazil, cashew trees were introduced by the Portuguese during the colonial period but output remained negligible through to the country's independence in 1973. 
538 |a Mode of access: Internet 
830 0 |a IMF Staff Country Reports; Country Report ;  |v No. 2017/381 
856 4 0 |z Full text available on IMF  |u http://elibrary.imf.org/view/journals/002/2017/381/002.2017.issue-381-en.xml  |z IMF e-Library